[Event "Post- SV Ulm-SV Wolfbusch"]
[Site "?"]
[Date "2002.10.13"]
[Round "1.1"]
[White "Leyrer, Achim"]
[Black "Mueller, Ralf"]
[Result "1/2-1/2"]
[WhiteElo "2206"]
[BlackElo "2279"]
[PlyCount "113"]
[EventDate "2002.??.??"]

1. e4 c5 2. Nf3 Nc6 3. d4 cxd4 4. Nxd4 Nf6 5. Nc3 e5 6. Ndb5 d6 7. Bg5 a6 8.
Na3 b5 9. Bxf6 gxf6 10. Nd5 Bg7 11. c3 Ne7 12. Nxe7 Kxe7 13. Nc2 f5 14. Nb4 Bb7
15. Nd5+ Bxd5 16. Qxd5 fxe4 17. a4 e3 18. fxe3 Qb6 19. Be2 Ra7 20. O-O Rf8 21.
Rf3 Qb7 22. Qxb7+ Rxb7 23. axb5 axb5 24. Rh3 h6 25. Rh4 b4 26. Rxb4 Rxb4 27.
cxb4 e4 28. Ra7+ Ke6 29. Bg4+ Kd5 30. b3 Bc3 31. Ra5+ Kc6 32. Bf5 Bxb4 33.
Bxe4+ Kb6 34. Ra8 Rxa8 35. Bxa8 Kc5 36. Kf2 d5 37. Kf3 Ba5 38. Kg4 Bd2 39. Kf3
Kd6 40. Ke2 Bc1 41. b4 Ba3 42. b5 f5 43. Kf3 Ke5 44. h3 Bc5 45. g4 fxg4+ 46.
hxg4 Bb6 47. Bc6 Bc5 48. Bd7 Bb6 49. Bc6 Bc5 50. Be8 Bb6 51. Bg6 Bc5 52. Ke2
Bb6 53. Kd3 Bc5 54. Ke2 Bb6 55. Kf3 Bc5 56. e4 dxe4+ 57. Bxe4 1/2-1/2

[Event "Post- SV Ulm-SV Wolfbusch"]
[Site "?"]
[Date "2002.10.13"]
[Round "1.2"]
[White "Gruber, Thomas"]
[Black "Dietrich, Frank"]
[Result "1-0"]
[WhiteElo "2239"]
[BlackElo "2180"]
[PlyCount "57"]
[EventDate "2002.??.??"]

1. d4 c5 2. d5 e5 3. e4 d6 4. Nc3 g6 5. Be2 Bg7 6. Nf3 Ne7 7. O-O O-O 8. Nd2 f5
9. Nc4 a6 10. a4 f4 11. a5 Rf6 12. Na4 Nd7 13. Rb1 b5 14. axb6 a5 15. Bd2 Ba6
16. b3 Bxc4 17. bxc4 Ra6 18. Rb5 Nc8 19. Rxa5 Nb8 20. Qb1 Rf7 21. Rxa6 Nxa6 22.
Qb5 Nb8 23. Bg4 Rb7 24. Rb1 h5 25. Be6+ Kf8 26. Rb3 Ke7 27. Qa5 Nd7 28. Qa6
Ncxb6 29. Qxb7 1-0

[Event "Post- SV Ulm-SV Wolfbusch"]
[Site "?"]
[Date "2002.10.13"]
[Round "1.3"]
[White "Haecker, Johannes"]
[Black "Kaiser, Dieter"]
[Result "1/2-1/2"]
[WhiteElo "2166"]
[BlackElo "2280"]
[PlyCount "43"]
[EventDate "2002.??.??"]

1. d4 Nf6 2. Nf3 b6 3. g3 Bb7 4. Bg2 c5 5. e3 g6 6. O-O Bg7 7. b3 O-O 8. Bb2 d6
9. c4 Nbd7 10. Nc3 a6 11. Qe2 Rb8 12. Rad1 Ne4 13. Nxe4 Bxe4 14. Bh3 Bxf3 15.
Qxf3 Qc7 16. Qe2 Rfd8 17. f4 b5 18. Rc1 Qa7 19. Rfd1 e6 20. d5 Bxb2 21. Qxb2
exd5 22. Bxd7 1/2-1/2

[Event "Post- SV Ulm-SV Wolfbusch"]
[Site "?"]
[Date "2002.10.13"]
[Round "1.4"]
[White "Pieper, Thomas"]
[Black "Hering, Frank"]
[Result "1-0"]
[WhiteElo "2210"]
[BlackElo "2120"]
[PlyCount "83"]
[EventDate "2002.??.??"]

1. e4 d6 2. d4 Nf6 3. Nc3 g6 4. f4 Bg7 5. Nf3 c5 6. Bb5+ Bd7 7. e5 Ng4 8. e6
Bxb5 9. exf7+ Kd7 10. Nxb5 Qa5+ 11. Nc3 cxd4 12. Nxd4 Bxd4 13. Qxd4 Nc6 14. Qc4
Qb6 15. Qe2 Nf6 16. Bd2 Rhf8 17. O-O-O Rxf7 18. Rhe1 Raf8 19. Qe6+ Kd8 20. Be3
Qa5 21. g4 Ne8 22. Qb3 Kc8 23. Ne4 Nc7 24. Ng5 Rxf4 25. Bxf4 Rxf4 26. Qg8+ Kd7
27. Ne6 Nxe6 28. Qxe6+ Kc7 29. Kb1 Qg5 30. h3 Rf3 31. Rd3 Rf6 32. Qc4 Rf8 33.
a4 e5 34. b4 a6 35. Rxd6 Kxd6 36. Qc5+ Kc7 37. Qxf8 Qd2 38. Rf1 Qc3 39. Rf7+
Kb6 40. Qc5+ Qxc5 41. bxc5+ Kxc5 42. Rxh7 1-0

[Event "Post- SV Ulm-SV Wolfbusch"]
[Site "?"]
[Date "2002.10.13"]
[Round "1.5"]
[White "Flachsbart, Alexander"]
[Black "Doerflinger, Josef"]
[Result "0-1"]
[WhiteElo "2055"]
[BlackElo "2239"]
[PlyCount "34"]
[EventDate "2002.??.??"]

1. e4 e5 2. f4 d5 3. exd5 c6 4. Nf3 exf4 5. d4 Bd6 6. dxc6 Nxc6 7. Bc4 Nge7 8.
O-O O-O 9. Ng5 Bf5 10. Bxf4 Bxf4 11. Rxf4 Qd6 12. Qd2 Qg6 13. Nf3 Rad8 14. Nh4
Qg5 15. Nxf5 Nxf5 16. c3 Ne5 17. Na3 Nf3+ 0-1

[Event "Post- SV Ulm-SV Wolfbusch"]
[Site "?"]
[Date "2002.10.13"]
[Round "1.6"]
[White "Schulze, Andreas"]
[Black "Huettig, Michael"]
[Result "0-1"]
[WhiteElo "2160"]
[BlackElo "2061"]
[PlyCount "142"]
[EventDate "2002.??.??"]

1. e4 e5 2. Nf3 Nc6 3. Bc4 Nf6 4. d3 Bc5 5. c3 d6 6. Bb3 O-O 7. O-O d5 8. Qe2
d4 9. h3 h6 10. cxd4 Nxd4 11. Nxd4 Bxd4 12. Be3 c6 13. Na3 a5 14. Rfc1 a4 15.
Bd1 Be6 16. Bxd4 Qxd4 17. Rc3 Rfd8 18. Nc2 Qb6 19. Ne3 Rd7 20. Qc2 Rd4 21. Be2
Rb4 22. Nd1 Ne8 23. Qd2 Nd6 24. Qe3 Qd4 25. Qxd4 Rxd4 26. a3 f6 27. Ne3 Nb5 28.
Rc5 Rdd8 29. Rd1 Nd4 30. Bg4 Bxg4 31. hxg4 Ra6 32. Rc4 Ne2+ 33. Kf1 Nf4 34. d4
b5 35. Rb4 Ra5 36. Nf5 Kf8 37. Ke1 Nxg2+ 38. Ke2 Nf4+ 39. Ke1 Ng2+ 40. Ke2 Nf4+
41. Ke1 g6 42. Ne3 Ke8 43. Rd2 c5 44. dxc5 Nd3+ 45. Ke2 Nxb4 46. Rxd8+ Kxd8 47.
axb4 a3 48. bxa3 Rxa3 49. Nd5 Rb3 50. Kf1 h5 51. gxh5 gxh5 52. Kg2 h4 53. f3
Kc8 54. Kh3 Rxf3+ 55. Kxh4 Kb7 56. Kg4 Rf1 57. Kg3 f5 58. exf5 Rxf5 59. c6+ Ka7
60. Kg4 Rf1 61. Kg5 e4 62. Kg4 Kb8 63. Kg3 Rd1 64. Ne3 Rd4 65. Kf4 Rxb4 66. Ke5
Rb3 67. Kxe4 Kc7 68. Nf5 Rc3 69. Nd4 Kb6 70. Ke5 b4 71. Kd5 b3 0-1

[Event "Post- SV Ulm-SV Wolfbusch"]
[Site "?"]
[Date "2002.10.13"]
[Round "1.7"]
[White "Erben, Wolfgang"]
[Black "Stiller, Patrick"]
[Result "1/2-1/2"]
[WhiteElo "2054"]
[BlackElo "2155"]
[PlyCount "139"]
[EventDate "2002.??.??"]

1. e4 c6 2. c4 d5 3. cxd5 cxd5 4. exd5 Nf6 5. Qa4+ Nbd7 6. Nc3 g6 7. g3 Bg7 8.
Bg2 O-O 9. Nge2 Nc5 10. Qc4 b6 11. b4 Nb7 12. Nd4 Nd6 13. Qd3 Bf5 14. Nxf5 Nxf5
15. O-O Qd6 16. Rb1 Rad8 17. Qc4 Rc8 18. Qa6 Nd4 19. Ba3 Bh6 20. Qd3 Nf5 21.
Ne4 Nxe4 22. Bxe4 Qd7 23. Rfc1 Nd6 24. Bf3 b5 25. Bb2 Nc4 26. Qd4 Nxb2 27. Qxb2
Qf5 28. Kg2 Qd3 29. Rc5 Bg7 30. Qb3 Qxd2 31. Rd1 Qb2 32. Qxb2 Bxb2 33. Rxb5 Rc4
34. Rb7 Ba3 35. Rb1 a5 36. bxa5 Ra4 37. R7b5 Bd6 38. R1b2 Ra8 39. Bd1 R4xa5 40.
Rxa5 Rxa5 41. Bb3 Rc5 42. Re2 Rc1 43. Bc2 Ra1 44. Bb3 Rc1 45. Bc2 Ra1 46. a4
Ra3 47. Re3 Ra2 48. Rc3 Kg7 49. Kf3 f5 50. Ke3 Kf6 51. Kd3 h5 52. f4 h4 53. Ke3
hxg3 54. hxg3 g5 55. Kf3 gxf4 56. gxf4 Ra1 57. Rc4 Ra2 58. Ke3 Ra3+ 59. Ke2 Ra1
60. Rc8 Kf7 61. Ra8 Bxf4 62. Bxf5 Ra3 63. a5 Be3 64. Be6+ Kf6 65. a6 Ke5 66.
Rh8 Ba7 67. Rh5+ Ke4 68. Bc8 Ra2+ 69. Kd1 Be3 70. Bf5+ 1/2-1/2

[Event "Post- SV Ulm-SV Wolfbusch"]
[Site "?"]
[Date "2002.10.13"]
[Round "1.8"]
[White "Kramer, Christian"]
[Black "Haecker, Alexander"]
[Result "1/2-1/2"]
[WhiteElo "1975"]
[BlackElo "2114"]
[PlyCount "94"]
[EventDate "2002.??.??"]

1. d4 d5 2. c4 e6 3. cxd5 exd5 4. Nc3 Nf6 5. Qc2 c6 6. Bg5 Be7 7. e3 Bg4 8. Bd3
Nbd7 9. h3 Be6 10. f4 Nb6 11. Nf3 c5 12. O-O c4 13. Be2 Qc8 14. g4 h5 15. Bxf6
hxg4 16. hxg4 Bxf6 17. f5 Bd7 18. e4 dxe4 19. Qxe4+ Kf8 20. Rad1 Qc7 21. Ne5
Re8 22. Bf3 Bxe5 23. dxe5 Bc6 24. Qd4 Bxf3 25. Rxf3 Qxe5 26. Qxe5 Rxe5 27. Rd8+
Re8 28. Rxe8+ Kxe8 29. Nb5 Ke7 30. Nxa7 Kf6 31. Kg2 Rd8 32. Nb5 Kg5 33. Kg3 Rd2
34. b3 Rxa2 35. Nd6 Rc2 36. bxc4 Nxc4 37. Nxf7+ Kf6 38. Nd8 Nd6 39. Re3 Rc3 40.
Rxc3 Ne4+ 41. Kf4 Nxc3 42. g5+ Ke7 43. Nxb7 Na4 44. Ke5 Kf7 45. f6 gxf6+ 46.
gxf6 Nb6 47. Nd8+ Ke8 1/2-1/2

[Event "SV Tuebingen-SV Marbach"]
[Site "?"]
[Date "2002.10.13"]
[Round "1.1"]
[White "Eisele, Steffen"]
[Black "Roth, Juergen"]
[Result "0-1"]
[WhiteElo "2208"]
[BlackElo "2254"]
[PlyCount "61"]
[EventDate "2002.??.??"]

1. d4 d6 2. Nf3 g6 3. c4 Bg7 4. Nc3 c6 5. Bf4 Nd7 6. e3 e5 7. Bg3 Nh6 8. dxe5
dxe5 9. Qd6 Nf5 10. Qa3 Qe7 11. Qxe7+ Kxe7 12. Bd3 Nc5 13. Rd1 Rd8 14. Bc2
Rxd1+ 15. Kxd1 Nxg3 16. hxg3 h6 17. Nd2 Be6 18. Ke2 a5 19. b3 Rb8 20. Rb1 f5
21. e4 f4 22. Nf1 Kf7 23. f3 h5 24. Rd1 a4 25. Kf2 axb3 26. axb3 Bf8 27. gxf4
exf4 28. g3 fxg3+ 29. Nxg3 Ra8 30. f4 Bg4 31. b4 0-1

[Event "SV Tuebingen-SV Marbach"]
[Site "?"]
[Date "2002.10.13"]
[Round "1.2"]
[White "Frick, Christoph"]
[Black "Brodbeck, Stefan"]
[Result "1-0"]
[WhiteElo "2193"]
[BlackElo "2127"]
[PlyCount "73"]
[EventDate "2002.??.??"]

1. Nc3 g6 2. e4 Bg7 3. Bc4 d6 4. f4 c6 5. Nf3 Nf6 6. d3 b5 7. Bb3 a5 8. a3 Qb6
9. Qe2 O-O 10. Be3 Qb7 11. O-O Na6 12. Rae1 Ng4 13. Bd2 Nc5 14. Ba2 b4 15. Nd1
b3 16. cxb3 Nxb3 17. h3 Nf6 18. Be3 a4 19. Nc3 d5 20. Qc2 dxe4 21. dxe4 Be6 22.
Rd1 Bc4 23. Rfe1 Qa6 24. Ne5 Rfd8 25. Nxa4 Rxd1 26. Rxd1 Qxa4 27. Qxc4 Qxc4 28.
Nxc4 Na5 29. Nxa5 Rxa5 30. Rd8+ Bf8 31. e5 Nd5 32. Bd2 Rb5 33. b4 Kg7 34. Bxd5
Rxd5 35. Rxd5 cxd5 36. b5 e6 37. Bb4 1-0

[Event "SV Tuebingen-SV Marbach"]
[Site "?"]
[Date "2002.10.13"]
[Round "1.3"]
[White "Lach, Bernhard"]
[Black "Khadempour, Farhad"]
[Result "0-1"]
[WhiteElo "2180"]
[BlackElo "2168"]
[PlyCount "68"]
[EventDate "2002.??.??"]

1. e4 e6 2. Nc3 d5 3. Nf3 Nf6 4. e5 Nfd7 5. d4 b6 6. Ne2 Ba6 7. c3 Be7 8. h4 h6
9. Nf4 Bxf1 10. Kxf1 c5 11. Be3 Nc6 12. Rh3 Rc8 13. Rg3 Rg8 14. Qd3 Nf8 15. Nh5
c4 16. Qc2 Bxh4 17. Rxg7 Rxg7 18. Nxg7+ Kd7 19. Ke2 Bg5 20. Bxg5 hxg5 21. Nh5
Ng6 22. Nf6+ Ke7 23. Nxg5 Nf4+ 24. Kf3 Nd3 25. Ngh7 b5 26. Qd2 Rb8 27. a3 a5
28. b4 Ra8 29. bxa5 Qxa5 30. Qg5 Ndxe5+ 31. dxe5 Qxc3+ 32. Qe3 Nxe5+ 33. Kg3
Qxe3+ 34. fxe3 b4 0-1

[Event "SV Tuebingen-SV Marbach"]
[Site "?"]
[Date "2002.10.13"]
[Round "1.4"]
[White "Weber, Klaus"]
[Black "Klaric, Zoran"]
[Result "1-0"]
[WhiteElo "2138"]
[BlackElo "2014"]
[PlyCount "81"]
[EventDate "2002.??.??"]

1. e4 c5 2. Nf3 d6 3. d4 cxd4 4. Nxd4 Nf6 5. Nc3 g6 6. Be3 Bg7 7. f3 Nc6 8. Qd2
O-O 9. O-O-O Nxd4 10. Bxd4 Be6 11. g4 Qa5 12. Kb1 Rfc8 13. Nd5 Qxd2 14. Nxf6+
Bxf6 15. Rxd2 Bxd4 16. Rxd4 Rc7 17. Be2 Rac8 18. Bd1 g5 19. Re1 f6 20. Re3 Kf7
21. Ra3 a6 22. c3 Rc5 23. Bb3 Re5 24. Rb4 Bxb3 25. axb3 Rc7 26. Rb6 Ke6 27. Ra4
Rec5 28. Rab4 Ke5 29. Rxb7 a5 30. Rxc7 Rxc7 31. Rb5+ Kf4 32. Rf5+ Ke3 33. Ka2
Rc5 34. b4 axb4 35. cxb4 Rxf5 36. gxf5 g4 37. fxg4 Kxe4 38. b5 Kd5 39. b4 e5
40. g5 e4 41. Kb2 1-0

[Event "SV Tuebingen-SV Marbach"]
[Site "?"]
[Date "2002.10.13"]
[Round "1.5"]
[White "Meschke, Andreas"]
[Black "Trettin, Ulrich"]
[Result "1/2-1/2"]
[WhiteElo "2136"]
[BlackElo "2040"]
[PlyCount "55"]
[EventDate "2002.??.??"]

1. e4 c5 2. Nf3 Nc6 3. Bb5 Nf6 4. Bxc6 dxc6 5. d3 g6 6. O-O Bg7 7. a4 a5 8. Na3
O-O 9. h3 Ne8 10. Nc4 Nc7 11. Nb6 Ra7 12. Nxc8 Qxc8 13. Be3 Ne6 14. c3 Rd8 15.
Qc2 b6 16. Rad1 Rad7 17. Ne1 Nc7 18. f4 e5 19. f5 Ne8 20. fxg6 hxg6 21. Bg5 f6
22. Qb3+ Kh7 23. Bh4 Qa6 24. Qe6 Rd6 25. Qf7 R6d7 26. Qe6 Rd6 27. Qf7 R6d7 28.
Qe6 1/2-1/2

[Event "SV Tuebingen-SV Marbach"]
[Site "?"]
[Date "2002.10.13"]
[Round "1.6"]
[White "Moser, Gotthard"]
[Black "Rabl, Joerg Steffen"]
[Result "0-1"]
[WhiteElo "2030"]
[BlackElo "2093"]
[PlyCount "86"]
[EventDate "2002.??.??"]

1. Nc3 e5 2. Nf3 Nc6 3. d4 exd4 4. Nxd4 d5 5. Nxc6 bxc6 6. e4 d4 7. Ne2 Bc5 8.
Ng3 Nf6 9. Bc4 O-O 10. O-O Ng4 11. h3 Ne5 12. Bd3 Qh4 13. Nf5 Bxf5 14. exf5 Bd6
15. Re1 c5 16. Be4 Rad8 17. b3 Rfe8 18. Bd2 Re7 19. f4 Nd7 20. Qf3 Rde8 21. Re2
Nf6 22. Rae1 h6 23. Kh2 Nxe4 24. Rxe4 Rxe4 25. Rxe4 Rxe4 26. Qxe4 Qf2 27. Bc1
Kf8 28. a4 h5 29. f6 gxf6 30. c3 h4 31. cxd4 cxd4 32. Qa8+ Kg7 33. Qe4 a5 34.
Qd3 Bb4 35. Qd1 Qg3+ 36. Kg1 d3 37. Bd2 Bc5+ 38. Kh1 f5 39. Qa1+ Kg8 40. Qe5
Qf2 41. Qe8+ Kg7 42. Bc3+ Bd4 43. Bxd4+ Qxd4 0-1

[Event "SV Tuebingen-SV Marbach"]
[Site "?"]
[Date "2002.10.13"]
[Round "1.7"]
[White "Raff, Andreas"]
[Black "Koppenhoefer, Bernhard"]
[Result "1/2-1/2"]
[WhiteElo "2104"]
[BlackElo "2008"]
[PlyCount "168"]
[EventDate "2002.??.??"]

1. e4 c5 2. Nf3 d6 3. Bb5+ Nc6 4. d4 cxd4 5. Nxd4 Qc7 6. c4 Nf6 7. Nc3 Bd7 8.
Bg5 e6 9. O-O Be7 10. Rc1 a6 11. Ba4 Rc8 12. b3 O-O 13. Nxc6 Bxc6 14. Bxc6 Qxc6
15. Qe2 Rfd8 16. f4 Rd7 17. e5 Qc5+ 18. Kh1 dxe5 19. fxe5 Ne8 20. Bf4 Rcd8 21.
Ne4 Qd4 22. Bg3 Qd3 23. Qxd3 Rxd3 24. Rce1 Bb4 25. Re2 Rd1 26. Kg1 f5 27. Nd6
Bc5+ 28. Bf2 Bxf2+ 29. Kxf2 Rxf1+ 30. Kxf1 Nxd6 31. exd6 Rxd6 32. c5 Rd1+ 33.
Kf2 Kf7 34. Rc2 Ke7 35. Ke2 Rg1 36. Kf2 Ra1 37. Rd2 Rc1 38. b4 Rb1 39. a3 Rb3
40. Ra2 Rd3 41. Ke2 Rd4 42. Rb2 Kd7 43. b5 a5 44. Rc2 g5 45. c6+ bxc6 46. Rxc6
Rd5 47. Rb6 h5 48. Rb7+ Kd6 49. b6 Rb5 50. Rb8 Kc6 51. Rh8 Rxb6 52. Rxh5 Rb2+
53. Kf1 g4 54. Rh6 Kd5 55. h3 gxh3 56. Rxh3 e5 57. Rd3+ Ke4 58. Rc3 Kd4 59. Rf3
f4 60. g3 fxg3 61. Rxg3 a4 62. Rg4+ e4 63. Rg8 Rb3 64. Ke2 Rb2+ 65. Ke1 Kd3 66.
Rd8+ Ke3 67. Kd1 Rb3 68. Rh8 Kf2 69. Re8 Rd3+ 70. Kc2 Ke3 71. Rh8 Kf2 72. Re8
Re3 73. Kd2 Re2+ 74. Kc3 e3 75. Rf8+ Ke1 76. Rf3 Kd1 77. Kd3 Rd2+ 78. Kxe3 Rb2
79. Kd4 Kc2 80. Rc3+ Kb1 81. Rc4 Ka2 82. Rxa4 Rb3 83. Ra8 Rxa3 84. Rxa3+ Kxa3
1/2-1/2

[Event "SV Tuebingen-SV Marbach"]
[Site "?"]
[Date "2002.10.13"]
[Round "1.8"]
[White "Oehlmann, Dieter"]
[Black "Rapp, Uwe"]
[Result "1/2-1/2"]
[WhiteElo "1925"]
[BlackElo "2066"]
[PlyCount "103"]
[EventDate "2002.??.??"]

1. Nf3 d5 2. d4 e6 3. c4 c6 4. Nc3 dxc4 5. a4 Bb4 6. e3 b5 7. axb5 cxb5 8. Bd2
Bxc3 9. Bxc3 a5 10. b3 Bb7 11. bxc4 b4 12. Bb2 Nf6 13. Bd3 O-O 14. O-O Nbd7 15.
Nd2 Re8 16. Qc2 Qc7 17. Nf3 Qc6 18. Rfe1 Ne4 19. Qa4 Qc7 20. Qc2 f5 21. Qb3 Qc6
22. d5 exd5 23. cxd5 Qd6 24. Red1 Ndc5 25. Qc2 Nxd3 26. Rxd3 Rec8 27. Qd1 Re8
28. Nd2 Nxd2 29. Qxd2 a4 30. Qd1 a3 31. Bd4 Qxd5 32. Qb3 Re6 33. f3 Qxb3 34.
Rxb3 Bd5 35. Rxb4 Re7 36. Kf2 Rd7 37. Ke2 Rb7 38. Rxb7 Bxb7 39. Kd3 Bd5 40. e4
fxe4+ 41. fxe4 Be6 42. Bc5 a2 43. g3 Rd8+ 44. Ke3 Rd7 45. h4 Bb3 46. Rc1 Kf7
47. g4 Ke6 48. Bd4 g6 49. g5 Rd6 50. Rf1 Rd7 51. Rf6+ Ke7 52. Ra6 1/2-1/2

[Event "VfL Sindelfingen-SC Lindenberg"]
[Site "?"]
[Date "2002.10.13"]
[Round "1.1"]
[White "Atlas, Valery"]
[Black "Igney, Volkhard"]
[Result "1-0"]
[WhiteElo "2460"]
[BlackElo "2193"]
[PlyCount "49"]
[EventDate "2002.??.??"]

1. e4 c6 2. d4 d5 3. e5 Bf5 4. Nf3 e6 5. Be2 c5 6. Be3 Nd7 7. c3 a6 8. O-O Rc8
9. Ne1 Ne7 10. Nd2 Bg6 11. g4 Nc6 12. f4 cxd4 13. cxd4 f5 14. a3 h5 15. gxh5
Qh4 16. Ng2 Qh3 17. hxg6 Qxh2+ 18. Kf2 Rh3 19. Rh1 Qg3+ 20. Kg1 Rxh1+ 21. Kxh1
Nc5 22. Kg1 Ne4 23. Nxe4 fxe4 24. Bf2 Qh3 25. Bg4 1-0

[Event "VfL Sindelfingen-SC Lindenberg"]
[Site "?"]
[Date "2002.10.13"]
[Round "1.2"]
[White "Carstens, Andreas"]
[Black "Schmidlechner, Alexander"]
[Result "1-0"]
[WhiteElo "2167"]
[BlackElo "2230"]
[PlyCount "77"]
[EventDate "2002.??.??"]

1. e4 c5 2. Nf3 Nc6 3. d4 cxd4 4. Nxd4 Nf6 5. Nc3 e5 6. Ndb5 d6 7. Bg5 a6 8.
Bxf6 gxf6 9. Na3 b5 10. Nd5 Bg7 11. Bd3 Ne7 12. Nxe7 Qxe7 13. O-O f5 14. c4 O-O
15. Qe2 Bb7 16. Rad1 Rfd8 17. f3 Rac8 18. cxb5 axb5 19. Nxb5 d5 20. exd5 Bxd5
21. Nc3 Be6 22. Kh1 Rd4 23. Rfe1 Rh4 24. g3 Rb4 25. Ba6 Rcb8 26. b3 Qa7 27. Nd5
Bxd5 28. Rxd5 Ra8 29. Bc4 Qxa2 30. Qxa2 Rxa2 31. Rd8+ Bf8 32. Rxe5 Kg7 33. Rxf5
Rb7 34. Rg5+ Kf6 35. Rdd5 Ke7 36. Rge5+ Kf6 37. Rf5+ Kg7 38. Rg5+ Kf6 39. Rdf5+
1-0

[Event "VfL Sindelfingen-SC Lindenberg"]
[Site "?"]
[Date "2002.10.13"]
[Round "1.3"]
[White "Feistenauer, Fred"]
[Black "Fahnenschmidt, Gerhard"]
[Result "0-1"]
[WhiteElo "2231"]
[BlackElo "2101"]
[PlyCount "110"]
[EventDate "2002.??.??"]

1. c4 e5 2. g3 Nc6 3. Bg2 f5 4. Nc3 Nf6 5. d3 Bb4 6. Bd2 O-O 7. e3 Bxc3 8. Bxc3
d5 9. Ne2 Be6 10. b3 Qd7 11. O-O Rad8 12. Qc2 Qf7 13. d4 dxc4 14. dxe5 cxb3 15.
axb3 Ne4 16. b4 Bc4 17. Rfe1 Bd3 18. Qb2 Bxe2 19. Rxe2 Rd3 20. e6 Qxe6 21. Be1
Rb3 22. Qa2 Qf7 23. Rb2 Rxb2 24. Qxb2 a6 25. b5 axb5 26. Qxb5 Qf6 27. Rc1 Rb8
28. Qd5+ Qf7 29. Bxe4 fxe4 30. Qxe4 Re8 31. Qc4 Qxc4 32. Rxc4 Re7 33. Bc3 Kf7
34. Kf1 Ke8 35. Ke2 Kd7 36. Rh4 g6 37. Kd3 b5 38. h3 Kd6 39. Rf4 Kc5 40. Rf8
Rd7+ 41. Kc2 b4 42. Bb2 Na5 43. Ra8 Kb5 44. e4 c5 45. f4 Nc6 46. e5 c4 47. g4
b3+ 48. Kc1 Rd3 49. e6 c3 50. Bxc3 Rxc3+ 51. Kb2 Kc4 52. Ra4+ Nb4 53. Ka3 Kc5
54. Rxb4 b2+ 55. Ka4 Rc4 0-1

[Event "VfL Sindelfingen-SC Lindenberg"]
[Site "?"]
[Date "2002.10.13"]
[Round "1.4"]
[White "Kotlyar, Dimitri"]
[Black "Gehrmann, Holger"]
[Result "0-1"]
[WhiteElo "2090"]
[BlackElo "2094"]
[PlyCount "78"]
[EventDate "2002.??.??"]

1. e4 c5 2. Nf3 d6 3. d4 cxd4 4. Nxd4 Nf6 5. Nc3 Nc6 6. Be2 e5 7. Nf3 Be7 8.
Bg5 Be6 9. O-O O-O 10. Qd2 Qb6 11. Rfd1 Rfd8 12. Bxf6 Bxf6 13. Nd5 Bxd5 14.
Qxd5 Ne7 15. Qb3 Qxb3 16. axb3 d5 17. Ne1 g6 18. Bf3 d4 19. Ra4 Nc6 20. b4 b5
21. Ra6 Nxb4 22. Rxf6 Kg7 23. c3 dxc3 24. bxc3 Kxf6 25. cxb4 Rxd1 26. Bxd1 Rd8
27. Be2 Rd4 28. Nd3 Rxe4 29. Kf1 Rc4 30. f3 Kg7 31. Kf2 f5 32. Nxe5 Rxb4 33.
Nc6 Rb2 34. Nxa7 b4 35. Nb5 b3 36. Nd4 Rb1 37. Bd3 Rc1 38. Nb5 b2 39. Na3 Rc3
0-1

[Event "VfL Sindelfingen-SC Lindenberg"]
[Site "?"]
[Date "2002.10.13"]
[Round "1.5"]
[White "Ahner, Thomas"]
[Black "Weisenburger, Thomas"]
[Result "1-0"]
[WhiteElo "1956"]
[BlackElo "2053"]
[PlyCount "81"]
[EventDate "2002.??.??"]

1. e4 c5 2. Nf3 d6 3. d3 e6 4. g3 Ne7 5. Bg2 g6 6. c3 Bg7 7. Bg5 Nbc6 8. a4 Qb6
9. Qc2 Qa6 10. Na3 Bd7 11. Nb5 Qb6 12. Nxd6+ Kf8 13. Nc4 Qc7 14. O-O Rd8 15.
Rad1 e5 16. Be3 b6 17. Ne1 Be6 18. Nd2 h5 19. h4 Qd7 20. Ndf3 Na5 21. Ra1 Bb3
22. Qe2 Bxa4 23. Ng5 c4 24. Qf3 f5 25. d4 exd4 26. Bxd4 Bxd4 27. cxd4 Nb3 28.
Rxa4 Qxa4 29. Ne6+ Kf7 30. d5 Nd2 31. Qc3 Rhg8 32. Nxd8+ Rxd8 33. Qxd2 fxe4 34.
Bxe4 Qd7 35. Nf3 Kg8 36. Ng5 Nxd5 37. Rd1 Nf6 38. Qxd7 Rxd7 39. Rxd7 Nxd7 40.
Bxg6 Ne5 41. Bxh5 1-0

[Event "VfL Sindelfingen-SC Lindenberg"]
[Site "?"]
[Date "2002.10.13"]
[Round "1.6"]
[White "Cieza, Arcadio"]
[Black "Feistenauer, Harald"]
[Result "1-0"]
[WhiteElo "2206"]
[BlackElo "1956"]
[PlyCount "61"]
[EventDate "2002.??.??"]

1. e4 Nf6 2. e5 Nd5 3. c4 Nb6 4. d4 d6 5. exd6 cxd6 6. Nc3 g6 7. a4 Bg7 8. a5
N6d7 9. Nge2 Nc6 10. d5 Nxa5 11. Nd4 Bxd4 12. Qxd4 f6 13. Ra3 b6 14. b4 Nb7 15.
f4 a5 16. Ne4 Rb8 17. Re3 O-O 18. h4 axb4 19. h5 g5 20. fxg5 Ne5 21. Rg3 f5 22.
Nf2 Nc5 23. g6 e6 24. Bg5 Qe8 25. Re3 exd5 26. Qxd5+ Qe6 27. Be7 f4 28. Rxe5
dxe5 29. gxh7+ Kh8 30. Bxf8 Qf5 31. Qg8# 1-0

[Event "VfL Sindelfingen-SC Lindenberg"]
[Site "?"]
[Date "2002.10.13"]
[Round "1.7"]
[White "Gasser, Klaus"]
[Black "Weisenburger, Horst"]
[Result "0-1"]
[WhiteElo "1983"]
[BlackElo "2003"]
[PlyCount "48"]
[EventDate "2002.??.??"]

1. Nf3 f5 2. e4 fxe4 3. Ng5 Nf6 4. d3 e6 5. dxe4 Nc6 6. Bd3 Be7 7. f4 e5 8. Bc4
d5 9. exd5 Na5 10. Bb5+ c6 11. dxc6 Qxd1+ 12. Kxd1 Bg4+ 13. Ke1 bxc6 14. Ba4
exf4 15. Bxf4 O-O 16. h3 Rae8 17. hxg4 Bd6+ 18. Kd1 Bxf4 19. Nh3 Nxg4 20. Nd2
Rd8 21. Nxf4 Rxf4 22. Ke1 Re8+ 23. Kd1 Nf2+ 24. Kc1 Nxh1 0-1

[Event "VfL Sindelfingen-SC Lindenberg"]
[Site "?"]
[Date "2002.10.13"]
[Round "1.8"]
[White "Braun, Jochen"]
[Black "Mittermeier, Peter"]
[Result "1-0"]
[WhiteElo "2053"]
[BlackElo "1956"]
[PlyCount "69"]
[EventDate "2002.??.??"]

1. d4 d5 2. c4 e5 3. dxe5 d4 4. Nf3 Nc6 5. g3 Be6 6. Bg2 Qd7 7. O-O O-O-O 8. a3
Nge7 9. Nbd2 Ng6 10. b4 Ncxe5 11. b5 Kb8 12. Bb2 Nxc4 13. Nxc4 Bxc4 14. Bxd4
Bd5 15. Qa4 a6 16. Be3 Qxb5 17. Qd4 c5 18. Qc3 Be7 19. Rab1 Qc6 20. Rfc1 Rc8
21. Qa5 Bd8 22. Qd2 Be7 23. Ne5 Bxg2 24. Nxc6+ Bxc6 25. Qa5 Ne5 26. Bf4 Bd6 27.
Bxe5 Bxe5 28. Qxc5 f6 29. Qa5 Bb5 30. Rxc8+ Rxc8 31. Qd2 g5 32. Rc1 Bc6 33. Qb4
h5 34. e3 h4 35. f4 1-0

[Event "Stuttgarter SF II-SC HP Boeblingen"]
[Site "?"]
[Date "2002.10.13"]
[Round "1.1"]
[White "Bauer, Peter"]
[Black "Meier, Annemarie"]
[Result "0-1"]
[WhiteElo "2253"]
[BlackElo "2260"]
[PlyCount "78"]
[EventDate "2002.??.??"]

1. e4 e5 2. Nf3 Nc6 3. Bb5 a6 4. Ba4 Nf6 5. O-O b5 6. Bb3 Bb7 7. Re1 Bc5 8. c3
d6 9. d4 Bb6 10. a4 h6 11. axb5 axb5 12. Rxa8 Qxa8 13. Na3 O-O 14. Nh4 exd4 15.
Nxb5 Na7 16. Nxa7 Bxa7 17. cxd4 Bxe4 18. f3 Bh7 19. Be3 g5 20. Qd2 Re8 21. Rd1
Nh5 22. Bxg5 hxg5 23. Qxg5+ Ng7 24. Qf6 Ne6 25. Nf5 Bxf5 26. Qxf5 Kf8 27. Kh1
Qd8 28. Ba4 Nxd4 29. Qh7 c6 30. Qh8+ Ke7 31. Qh4+ Kd7 32. Qf4 Qa5 33. Bxc6+
Kxc6 34. h3 Re1+ 35. Rxe1 Qxe1+ 36. Kh2 d5 37. h4 Bc5 38. Qf6+ Bd6+ 39. f4 Ne2
0-1

[Event "Stuttgarter SF II-SC HP Boeblingen"]
[Site "?"]
[Date "2002.10.13"]
[Round "1.2"]
[White "Migl, Dieter"]
[Black "Tuncer, Ufuk"]
[Result "0-1"]
[WhiteElo "2208"]
[BlackElo "2204"]
[PlyCount "96"]
[EventDate "2002.??.??"]

1. e4 c5 2. Nf3 Nc6 3. c3 Nf6 4. e5 Nd5 5. d4 cxd4 6. cxd4 d6 7. Bc4 Nb6 8. Bb3
d5 9. Nh4 e6 10. Nf3 Be7 11. Nc3 Bd7 12. a3 f6 13. exf6 Bxf6 14. Bf4 O-O 15.
Bg3 Be8 16. Ne5 Bxe5 17. dxe5 Bg6 18. O-O a6 19. Re1 Rc8 20. Ne2 Qd7 21. Qd2
Rf7 22. Rad1 Qe7 23. Rc1 Nd7 24. Nf4 Nf8 25. Qe3 Bf5 26. Ne2 Qd8 27. Nd4 Nxd4
28. Rxc8 Nf3+ 29. Qxf3 Qxc8 30. Qe3 Rc7 31. h4 Bc2 32. Ba2 Rc6 33. h5 h6 34.
Rc1 Bf5 35. Rxc6 Qxc6 36. f3 Nd7 37. Bf2 Qc2 38. Qd4 Qe2 39. g4 Nxe5 40. Bxd5
exd5 41. Qxd5+ Kh7 42. gxf5 Nxf3+ 43. Kg2 Ne1+ 44. Kg3 Nd3 45. Bd4 Qe1+ 46. Kh2
Qh4+ 47. Kg1 Qg4+ 48. Kf1 Qd1+ 0-1